Calvin & Hobbes Characters Quiz Stats

Quiz Updated Aug 3, 2013

Challenge
Share
Tweet
Score 0/20 Timer 04:00
2 Plays Today
Image Character % Correct
1Calvin
99.8%
2Hobbes
98.8%
4Calvin's Father
91.7%
3Calvin's Mother
91.7%
6Susie Derkins
74.4%
15Hobbes
66.5%
5Uncle Max
66.3%
10Rosalyn
57.6%
20Spaceman Spiff
56.1%
8Moe
54.9%
Image Character % Correct
18Duplicate Calvins 2-6
54.2%
11Principal Spittle
50.2%
7Miss Wormwood
49.9%
12The Pediatrician
48.3%
17Calvinosaurus
47.5%
9Mr. Bun
45.3%
16Stupendous Man
33%
14Mr. Lockjaw
27.1%
13Tracer Bullet
25.5%
19Captain Napalm
13.3%

You're not logged in!

Compare scores with friends on all Sporcle quizzes.
Join for Free
OR
Log In

You Might Also Like...

Show Comments

Extras

Top Quizzes Today


Score Distribution

Your Account Isn't Verified!

In order to create a playlist on Sporcle, you need to verify the email address you used during registration. Go to your Sporcle Settings to finish the process.

Report this User

Report this user for behavior that violates our Community Guidelines.

Details: